000 00558nam a2200217Ia 4500
003 OSt
005 20220928140010.0
006 a|||||r|||| 00| 0
007 ta
008 220927b |||||||| |||| 00| 0 eng d
024 _a5960
037 _cTextual
040 _aSDCL
_cSDCL
_beng
041 _2eng
_aeng
082 _aO-,2J64,52:g, J7
100 _aConklin Paul S
_9493510
245 0 _aHistory of Hamlet criticism 1601-1821.
260 _c1957
942 _hO-,2J64,52:g, J7
_cTEXL
_2CC
999 _c809339
_d809339